[Event "World-chT Rapid"]
[Site "Dusseldorf"]
[Date "2023.08.27"]
[Round "5.15"]
[White "Alonso, Jose Antonio"]
[Black "Ivanov, Elizabeth"]
[Result "1-0"]
[WhiteElo "1836"]
[BlackElo "1601"]
[PlyCount "59"]
[EventDate "2023.08.26"]
[EventType "team-swiss (rapid)"]
[EventRounds "12"]
[EventCountry "GER"]
[SourceTitle "CBM 215 Extra"]
[Source "ChessBase"]
[SourceDate "2023.09.30"]
[SourceVersion "1"]
[SourceVersionDate "2023.09.30"]
[SourceQuality "1"]
[WhiteTeam "Blerickse Schaakvereniging"]
[BlackTeam "The Sharks"]
[WhiteTeamCountry "NED"]
[BlackTeamCountry "ENG"]

1. e4 e5 2. Nf3 Nc6 3. Bc4 Nf6 4. d3 Bc5 5. c3 Bb6 6. 0-0 h6 7. a4 0-0 8. h3 d6 9. Be3 Na5 10. Ba2 Be6 11. Bxe6 fxe6 12. b4 Bxe3 13. fxe3 Nc6 14. Nbd2 Qe8 15. Qb3 a5 16. b5 Nd8 17. Rf2 Nh5 18. Kh2 Qg6 19. Nf1 c6 20. Raa2 Nf7 21. g4 Ng5 22. gxh5 Nxf3+ 23. Rxf3 Qxh5 24. Qxe6+ Kh8 25. Rxf8+ Rxf8 26. Ng3 Qg5 27. Nf5 Rf6 28. Qe8+ Kh7 29. Rg2 Qh5 30. Rxg7# 1-0

[Event "World-chT Rapid"]
[Site "Dusseldorf"]
[Date "2023.08.27"]
[Round "6.17"]
[White "Bohatyrova, Mariia"]
[Black "Ivanov, Elizabeth"]
[Result "0-1"]
[WhiteElo "1398"]
[BlackElo "1601"]
[PlyCount "73"]
[EventDate "2023.08.26"]
[EventType "team-swiss (rapid)"]
[EventRounds "12"]
[EventCountry "GER"]
[SourceTitle "CBM 215 Extra"]
[Source "ChessBase"]
[SourceDate "2023.09.30"]
[SourceVersion "1"]
[SourceVersionDate "2023.09.30"]
[SourceQuality "1"]
[WhiteTeam "Deutsche Schachjugend II"]
[BlackTeam "The Sharks"]
[WhiteTeamCountry "GER"]
[BlackTeamCountry "ENG"]

1. e4 e5 2. Nf3 Nc6 3. Bc4 Nf6 4. Nc3 Bc5 5. d3 h6 6. 0-0 d6 7. h3 Be6 8. Bb3 Qd7 9. Bxe6 fxe6 10. Na4 Bb6 11. Nxb6 axb6 12. Be3 d5 13. exd5 exd5 14. Re1 0-0-0 15. c4 d4 16. Bd2 Rde8 17. Qb1 g5 18. b4 g4 19. hxg4 Qxg4 20. Nh2 Qg6 21. Kh1 Rhg8 22. Rg1 Qh5 23. Qd1 Ng4 24. Qxg4+ Rxg4 25. g3 Rgg8 26. Rae1 Rgf8 27. Rg2 Qf5 28. Re4 Re6 29. b5 Ne7 30. Rg1 Qh5 31. f4 Rg6 32. Rxe5 Qh3 33. Rxe7 Rxg3 34. Rxg3 Qxg3 35. Re2 Rg8 36. Nf3 Qxf3+ 37. Kh2 0-1

[Event "World-chT Rapid"]
[Site "Dusseldorf"]
[Date "2023.08.26"]
[Round "2.7"]
[White "Ivanov, Elizabeth"]
[Black "Maltsevskaya, Aleksandra"]
[Result "0-1"]
[WhiteElo "1601"]
[BlackElo "2386"]
[PlyCount "54"]
[EventDate "2023.08.26"]
[EventType "team-swiss (rapid)"]
[EventRounds "12"]
[EventCountry "GER"]
[SourceTitle "CBM 215 Extra"]
[Source "ChessBase"]
[SourceDate "2023.09.30"]
[SourceVersion "1"]
[SourceVersionDate "2023.09.30"]
[SourceQuality "1"]
[WhiteTeam "The Sharks"]
[BlackTeam "Krakow Columbus Energy"]
[WhiteTeamCountry "ENG"]
[BlackTeamCountry "POL"]

1. e4 c5 2. Nc3 Nc6 3. f4 e6 4. Bb5 d5 5. d3 d4 6. Nce2 Qa5+ 7. Bd2 Qxb5 8. Nf3 Nf6 9. 0-0 Be7 10. c4 dxc3 11. Bxc3 0-0 12. a4 Qb6 13. Kh1 Rd8 14. Qc2 Nb4 15. Bxb4 cxb4 16. Ne5 b3 17. Qc1 Bd7 18. Nc4 Qb4 19. f5 exf5 20. exf5 b5 21. axb5 Bxb5 22. Rf4 Bxc4 23. Rxc4 Qb6 24. Qf4 Rxd3 25. Rac1 Rad8 26. h3 Rd1+ 27. Ng1 Qxg1# 0-1

[Event "London Chess Classic op 10th"]
[Site "London"]
[Date "2018.12.13"]
[Round "5"]
[White "Ivanov, Elizabeth"]
[Black "Maraiyesa, Seun Wole"]
[Result "1-0"]
[WhiteElo "1540"]
[BlackElo "1758"]
[PlyCount "73"]
[EventDate "2018.12.09"]
[EventType "swiss"]
[EventRounds "5"]
[EventCountry "ENG"]
[SourceTitle "EXT 2021"]
[Source "ChessBase"]
[SourceDate "2020.10.23"]
[SourceVersion "1"]
[SourceVersionDate "2020.10.23"]
[SourceQuality "1"]

1. e4 c5 2. Nc3 Nc6 3. f4 d6 4. Bb5 e6 5. Nf3 Nge7 6. d3 g6 7. 0-0 Bg7 8. Qe1 Bd7 9. a3 a6 10. Bxc6 Nxc6 11. Qg3 b5 12. f5 e5 13. Nd5 Nd4 14. Nxd4 cxd4 15. fxg6 hxg6 16. Bg5 Qb8 17. Bf6 Bxf6 18. Nxf6+ Kd8 19. Nxd7 Kxd7 20. Rxf7+ Kc6 21. Qxg6 Qc8 22. c3 Rg8 23. Qf5 dxc3 24. Rc1 Qxf5 25. Rxc3+ Kb6 26. exf5 Ra7 27. Rxa7 Kxa7 28. h3 Kb6 29. Kf2 a5 30. Kf3 b4 31. axb4 axb4 32. Rc4 Kb5 33. b3 d5 34. Rc7 e4+ 35. dxe4 d4 36. Rd7 Kc5 37. Rd5+ 1-0

[Event "London Chess Classic op 10th"]
[Site "London"]
[Date "2018.12.09"]
[Round "1"]
[White "Ivanov, Elizabeth"]
[Black "Damodaran, Patrick"]
[Result "1-0"]
[WhiteElo "1540"]
[BlackElo "1156"]
[PlyCount "105"]
[EventDate "2018.12.09"]
[EventType "swiss"]
[EventRounds "5"]
[EventCountry "ENG"]
[SourceTitle "EXT 2021"]
[Source "ChessBase"]
[SourceDate "2020.10.23"]
[SourceVersion "1"]
[SourceVersionDate "2020.10.23"]
[SourceQuality "1"]

1. e4 c5 2. Nc3 d6 3. f4 Nc6 4. Nf3 Nf6 5. Bc4 g6 6. 0-0 Bg7 7. Qe1 0-0 8. d3 Na5 9. Bb3 Nxb3 10. axb3 Qb6 11. Kh1 Bd7 12. Qh4 Nh5 13. Qxe7 Be6 14. Qh4 Bf6 15. Qf2 Bg7 16. Ng5 Bd7 17. Nd5 Qd8 18. f5 gxf5 19. Qh4 Ng3+ 20. Qxg3 h6 21. Nh3 Kh8 22. exf5 Rg8 23. Qxd6 h5 24. f6 Bf8 25. Qe5 Rg6 26. Qxh5+ Kg8 27. Ng5 Rh6 28. Qxf7+ Kh8 29. Nf4 Qxf6 30. Qxd7 Qxg5 31. Ne6 Qe5 32. Bxh6 Bxh6 33. Rae1 Qxb2 34. Nxc5 Qxc2 35. Re8+ Rxe8 36. Qxe8+ Kh7 37. Qf7+ Kh8 38. Qh5 Qd2 39. Ne4 Qe3 40. Nd6 b6 41. Nf7+ Kh7 42. Qxh6+ Qxh6 43. Nxh6 Kxh6 44. d4 a5 45. d5 a4 46. bxa4 b5 47. axb5 Kg5 48. d6 Kh5 49. d7 Kg5 50. d8Q+ Kh5 51. Rf3 Kg4 52. Qg8+ Kh4 53. Rh3# 1-0

[Event "Gilbert Cup"]
[Site "Daventry"]
[Date "2016.07.19"]
[Round "5.8"]
[White "Wang, Alyssa"]
[Black "Ivanov, Elizabeth"]
[Result "1/2-1/2"]
[WhiteElo "1708"]
[BlackElo "1599"]
[PlyCount "58"]
[EventDate "2016.07.17"]
[EventType "team-tourn"]
[EventRounds "5"]
[EventCountry "ENG"]
[SourceTitle "CBM 173 Extra"]
[Source "ChessBase"]
[SourceDate "2016.08.29"]
[SourceVersion "1"]
[SourceVersionDate "2016.08.29"]
[SourceQuality "1"]
[WhiteTeam "Wales (W)"]
[BlackTeam "England (W) II"]
[WhiteTeamCountry "WLS"]
[BlackTeamCountry "ENG"]

1. d4 d5 2. c4 c6 3. Nc3 Nf6 4. Nf3 Bf5 5. cxd5 Nxd5 6. Qb3 Qb6 7. Nxd5 Qxb3 8. Nc7+ Kd8 9. axb3 Kxc7 10. Bf4+ Kc8 11. Ne5 Bg6 12. Nc4 Nd7 13. Rc1 e6 14. g3 Bb4+ 15. Bd2 Bxd2+ 16. Nxd2 Kd8 17. Bg2 Ke7 18. 0-0 Rhd8 19. Rfd1 Nf6 20. Nc4 h6 21. Na5 Rab8 22. f3 Nd5 23. Kf2 Ke8 24. e4 Nf6 25. b4 Rd7 26. Nc4 Bh7 27. Ke3 Rbd8 28. Ne5 Rc7 29. Ke2 Rdc8 1/2-1/2

[Event "London CC Intermediate"]
[Site "London"]
[Date "2016.04.08"]
[Round "5.7"]
[White "Ivanov, Elizabeth"]
[Black "Balouka Myers, Reuben"]
[Result "1/2-1/2"]
[WhiteElo "1585"]
[BlackElo "1630"]
[PlyCount "43"]
[EventDate "2016.04.04"]
[EventType "swiss"]
[EventRounds "5"]
[EventCountry "ENG"]
[SourceTitle "EXT 2023"]
[Source "ChessBase"]
[SourceDate "2022.10.05"]
[SourceVersion "1"]
[SourceVersionDate "2022.10.05"]
[SourceQuality "1"]

1. e4 e6 2. d4 d5 3. e5 c5 4. c3 Nc6 5. f4 Bd7 6. Nf3 cxd4 7. cxd4 Nh6 8. Bd2 Qb6 9. Bc3 Be7 10. a3 0-0 11. Bd3 Kh8 12. h3 Nf5 13. Bxf5 exf5 14. 0-0 Na5 15. Bxa5 Qxa5 16. Nc3 Bc6 17. Qd3 g6 18. b4 Qd8 19. Qd2 a6 20. Qe1 Rc8 21. Rb1 Bb5 22. Nxb5 1/2-1/2

[Event "London CC Intermediate"]
[Site "London"]
[Date "2016.04.04"]
[Round "1.3"]
[White "Ivanov, Elizabeth"]
[Black "Batchelor, Guy J"]
[Result "1/2-1/2"]
[WhiteElo "1585"]
[BlackElo "1921"]
[PlyCount "77"]
[EventDate "2016.04.04"]
[EventType "swiss"]
[EventRounds "5"]
[EventCountry "ENG"]
[SourceTitle "EXT 2023"]
[Source "ChessBase"]
[SourceDate "2022.10.05"]
[SourceVersion "1"]
[SourceVersionDate "2022.10.05"]
[SourceQuality "1"]

1. e4 e5 2. Nf3 Nf6 3. Nc3 Nc6 4. d4 exd4 5. Nxd4 Bb4 6. Bg5 Bxc3+ 7. bxc3 h6 8. Bxf6 Qxf6 9. Bc4 0-0 10. 0-0 Ne5 11. Bb3 d6 12. f4 Ng6 13. f5 Ne5 14. Qe1 a6 15. a3 Re8 16. Qg3 Bd7 17. Rf4 c5 18. Nf3 c4 19. Ba2 b5 20. Nd4 Re7 21. Re1 Rae8 22. Re3 Nc6 23. h3 d5 24. Qf3 dxe4 25. Rexe4 Rxe4 26. Rxe4 Rxe4 27. Qxe4 Qd6 28. a4 Qe5 29. Qh4 f6 30. axb5 axb5 31. Nxb5 Ne7 32. Qxc4+ Kh7 33. Nd4 Qe3+ 34. Kh1 Qe1+ 35. Kh2 Qe5+ 36. g3 Qe1 37. Qe2 Qxc3 38. Ne6 Kh8 39. Nf8 1/2-1/2

[Event "BCF-chT4 1516 (4NCL)"]
[Site "England"]
[Date "2016.02.13"]
[Round "5.210"]
[White "Sweatman, Paul"]
[Black "Ivanov, Elizabeth"]
[Result "0-1"]
[WhiteElo "1488"]
[BlackElo "1558"]
[PlyCount "48"]
[EventDate "2015.11.14"]
[EventType "team-swiss"]
[EventRounds "11"]
[EventCountry "ENG"]
[SourceTitle "EXT 2017"]
[Source "ChessBase"]
[SourceDate "2016.10.25"]
[SourceVersion "1"]
[SourceVersionDate "2016.10.25"]
[SourceQuality "1"]
[WhiteTeam "Throw in the Tal II"]
[BlackTeam "Cambridge III"]
[WhiteTeamCountry "ENG"]
[BlackTeamCountry "ENG"]

1. d4 d5 2. Nf3 Nf6 3. Nc3 c6 4. e3 Bf5 5. Be2 e6 6. a3 h6 7. h3 Nbd7 8. 0-0 Qc7 9. Bd2 g5 10. Nh2 Bd6 11. Ng4 Bxg4 12. Bxg4 h5 13. Be2 h4 14. f3 Bh2+ 15. Kh1 Nh5 16. Be1 Ng3+ 17. Bxg3 hxg3 18. Qd2 0-0-0 19. f4 Rh4 20. fxg5 Rdh8 21. Bg4 Rxg4 22. hxg4 Qd8 23. e4 Bg1+ 24. Kxg1 Rh1+ 0-1

[Event "BCF-ch Week1 PM op"]
[Site "Coventry"]
[Date "2015.07.29"]
[Round "3"]
[White "Haridas, Girinath"]
[Black "Ivanov, Elizabeth"]
[Result "1/2-1/2"]
[WhiteElo "1960"]
[BlackElo "1517"]
[PlyCount "50"]
[EventDate "2015.07.27"]
[EventType "swiss"]
[EventRounds "5"]
[EventCountry "ENG"]
[SourceTitle "EXT 2016"]
[Source "ChessBase"]
[SourceDate "2015.10.08"]
[SourceVersion "1"]
[SourceVersionDate "2015.10.08"]
[SourceQuality "1"]

1. d4 d5 2. c4 c6 3. Nf3 Nf6 4. Nc3 e6 5. Bg5 Bb4 6. e3 h6 7. Bh4 g5 8. Bg3 Ne4 9. Rc1 Nxg3 10. hxg3 Nd7 11. Qb3 Ba5 12. Bd3 Qe7 13. Qa4 Bb4 14. c5 Bxc3+ 15. Rxc3 e5 16. Nxe5 Nxe5 17. dxe5 Qxe5 18. Qd4 f6 19. f4 Qxd4 20. exd4 Kf7 21. Kf2 Bg4 22. b4 Rae8 23. b5 cxb5 24. Bxb5 Re4 25. Bd3 Rxd4 1/2-1/2

[Event "BCF-ch U15"]
[Site "Coventry"]
[Date "2015.07.27"]
[Round "1"]
[White "Ivanov, Elizabeth"]
[Black "Fernandes, Joshua"]
[Result "0-1"]
[WhiteElo "1517"]
[BlackElo "1769"]
[PlyCount "82"]
[EventDate "2015.07.27"]
[EventType "swiss"]
[EventRounds "7"]
[EventCountry "ENG"]
[SourceTitle "CBM 167 Extra"]
[Source "ChessBase"]
[SourceDate "2015.09.14"]
[SourceVersion "1"]
[SourceVersionDate "2015.09.14"]
[SourceQuality "1"]

1. e4 c5 2. Nc3 Nc6 3. f4 g6 4. Nf3 Bg7 5. Bc4 e6 6. 0-0 Nge7 7. Qe1 0-0 8. d3 d5 9. Bb3 a6 10. a3 Nd4 11. Nxd4 Bxd4+ 12. Kh1 Bg7 13. f5 exf5 14. Bg5 h6 15. Bh4 g5 16. Bf2 d4 17. Nd1 Be6 18. exf5 Bxb3 19. cxb3 Nxf5 20. Qe4 Qd7 21. Qg4 Qd5 22. Be1 Nd6 23. b4 f5 24. Qg3 c4 25. dxc4 Qxc4 26. Qf3 g4 27. Qf2 Ne4 28. Qg1 Qc2 29. Bh4 Rae8 30. Nf2 d3 31. Nd1 f4 32. Nf2 Bd4 33. Rac1 Qxb2 34. Rc7 Qxa3 35. Rd1 d2 36. Qf1 Bxf2 37. Bxf2 Qxb4 38. Bh4 g3 39. Qf3 Nf2+ 40. Kg1 Re1+ 41. Rxe1 dxe1Q# 0-1

[Event "BCF-chT3 1415 (4NCL)"]
[Site "England"]
[Date "2015.05.03"]
[Round "10.210"]
[White "Ivanov, Elizabeth"]
[Black "Johnson, Paul A"]
[Result "0-1"]
[WhiteElo "1521"]
[BlackElo "1900"]
[PlyCount "74"]
[EventDate "2015.03.21"]
[EventType "team-swiss"]
[EventRounds "11"]
[EventCountry "ENG"]
[SourceTitle "EXT 2016"]
[Source "ChessBase"]
[SourceDate "2015.10.08"]
[SourceVersion "1"]
[SourceVersionDate "2015.10.08"]
[SourceQuality "1"]
[WhiteTeam "Cambridge III"]
[BlackTeam "Bradford DCA Knights II"]
[WhiteTeamCountry "ENG"]
[BlackTeamCountry "ENG"]

1. e4 c5 2. Nc3 Nc6 3. f4 g6 4. Nf3 Bg7 5. Bc4 e6 6. a3 Nge7 7. d3 d5 8. Ba2 Bxc3+ 9. bxc3 dxe4 10. dxe4 Qxd1+ 11. Kxd1 0-0 12. Be3 b6 13. Ke2 Ba6+ 14. Kf2 Rad8 15. h4 h5 16. Rag1 Na5 17. g4 hxg4 18. Rxg4 Bc4 19. Bb1 Kg7 20. Ne5 Nec6 21. Nf3 Rd7 22. h5 Rh8 23. Rg5 Kf8 24. Nh4 Rxh5 25. Rxh5 gxh5 26. Nf3 f6 27. Rxh5 Rd1 28. Nh4 Rxb1 29. Ng6+ Kg7 30. f5 exf5 31. exf5 Ne5 32. Bh6+ Kf7 33. Bf4 Nxg6 34. Rh7+ Kg8 35. fxg6 Rf1+ 36. Ke3 Rg1 37. Rh6 Kg7 0-1

[Event "BCF-chT3 1415 (4NCL)"]
[Site "England"]
[Date "2015.05.02"]
[Round "9.14"]
[White "Herring, Tim JC"]
[Black "Ivanov, Elizabeth"]
[Result "1/2-1/2"]
[WhiteElo "1569"]
[BlackElo "1521"]
[PlyCount "46"]
[EventDate "2015.03.21"]
[EventType "team-swiss"]
[EventRounds "11"]
[EventCountry "ENG"]
[SourceTitle "EXT 2016"]
[Source "ChessBase"]
[SourceDate "2015.10.08"]
[SourceVersion "1"]
[SourceVersionDate "2015.10.08"]
[SourceQuality "1"]
[WhiteTeam "Celtic Tigers II"]
[BlackTeam "Cambridge III"]
[WhiteTeamCountry "ENG"]
[BlackTeamCountry "ENG"]

1. d4 d5 2. Bf4 c6 3. c3 e6 4. e3 Bd6 5. Bg3 Bxg3 6. hxg3 Nf6 7. Nd2 Nbd7 8. Bd3 e5 9. Nh3 c5 10. Qa4 0-0 11. Qc2 c4 12. Bf5 Re8 13. 0-0-0 b5 14. Rh2 Nf8 15. Rdh1 Bxf5 16. Qxf5 g6 17. Qg5 exd4 18. exd4 h5 19. Qh4 b4 20. Ng5 bxc3 21. bxc3 Qd6 22. Qf4 Qa3+ 23. Kd1 Qa4+ 1/2-1/2

[Event "BCF-chT3 1415 (4NCL)"]
[Site "England"]
[Date "2015.03.22"]
[Round "8.239"]
[White "Mason, Ian"]
[Black "Ivanov, Elizabeth"]
[Result "1/2-1/2"]
[WhiteElo "1575"]
[BlackElo "1521"]
[PlyCount "37"]
[EventDate "2015.03.21"]
[EventType "team-swiss"]
[EventRounds "11"]
[EventCountry "ENG"]
[SourceTitle "EXT 2016"]
[Source "ChessBase"]
[SourceDate "2015.10.08"]
[SourceVersion "1"]
[SourceVersionDate "2015.10.08"]
[SourceQuality "1"]
[WhiteTeam "Surbiton II"]
[BlackTeam "Cambridge III"]
[WhiteTeamCountry "ENG"]
[BlackTeamCountry "ENG"]

1. d4 d5 2. c4 c6 3. Nf3 Nf6 4. Nc3 e6 5. e3 Bd6 6. Qc2 Nbd7 7. Bd3 0-0 8. 0-0 e5 9. dxe5 Nxe5 10. Nxe5 Bxe5 11. f4 Bxc3 12. Qxc3 Ng4 13. h3 Nf6 14. Bd2 dxc4 15. Qxc4 Be6 16. Qc2 h6 17. Kh2 Qd7 18. Rad1 Qc7 19. e4 1/2-1/2

[Event "London Golders Green op U1900 5th"]
[Site "London"]
[Date "2015.01.18"]
[Round "4"]
[White "Ivanov, Elizabeth"]
[Black "Balouka Myers, Gabriel"]
[Result "1/2-1/2"]
[WhiteElo "1554"]
[BlackElo "1565"]
[PlyCount "60"]
[EventDate "2015.01.17"]
[EventType "swiss"]
[EventRounds "5"]
[EventCountry "ENG"]
[SourceTitle "EXT 2018"]
[Source "ChessBase"]
[SourceDate "2017.10.13"]
[SourceVersion "1"]
[SourceVersionDate "2017.10.13"]
[SourceQuality "1"]

1. e4 c6 2. d4 d5 3. exd5 cxd5 4. Bd3 g6 5. Bf4 Nh6 6. c3 Bf5 7. Bb5+ Bd7 8. Bd3 Qb6 9. Qd2 f6 10. b3 Nf7 11. Nf3 Bg7 12. 0-0 0-0 13. c4 e5 14. dxe5 fxe5 15. Be3 Qc7 16. Nc3 dxc4 17. Bxc4 e4 18. Ng5 Qe5 19. Rac1 Bf5 20. Nxf7 Rxf7 21. Qd8+ Bf8 22. Bxf7+ Kxf7 23. Bd4 Qe6 24. Qc7+ Qd7 25. Qc4+ Be6 26. Qa4 Qxa4 27. Nxa4 Nc6 28. Be3 Rd8 29. Rfd1 Rxd1+ 30. Rxd1 b5 1/2-1/2

[Event "London Golders Green op U1900 5th"]
[Site "London"]
[Date "2015.01.17"]
[Round "2"]
[White "Ivanov, Elizabeth"]
[Black "Reed, Liam"]
[Result "0-1"]
[WhiteElo "1554"]
[BlackElo "1447"]
[PlyCount "30"]
[EventDate "2015.01.17"]
[EventType "swiss"]
[EventRounds "5"]
[EventCountry "ENG"]
[SourceTitle "EXT 2018"]
[Source "ChessBase"]
[SourceDate "2017.10.13"]
[SourceVersion "1"]
[SourceVersionDate "2017.10.13"]
[SourceQuality "1"]

1. e4 d6 2. d4 Nf6 3. Bd3 g6 4. f4 Bg7 5. Nf3 0-0 6. 0-0 Nc6 7. Qe1 e5 8. d5 Ne7 9. fxe5 dxe5 10. Nxe5 c6 11. Kh1 cxd5 12. Bg5 Nxe4 13. Bxe4 dxe4 14. Qh4 f6 15. Bxf6 Bxf6 0-1

[Event "London Golders Green op U1900 5th"]
[Site "London"]
[Date "2015.01.17"]
[Round "3"]
[White "Tomy, Jeff"]
[Black "Ivanov, Elizabeth"]
[Result "1-0"]
[WhiteElo "1400"]
[BlackElo "1554"]
[PlyCount "47"]
[EventDate "2015.01.17"]
[EventType "swiss"]
[EventRounds "5"]
[EventCountry "ENG"]
[SourceTitle "EXT 2018"]
[Source "ChessBase"]
[SourceDate "2017.10.13"]
[SourceVersion "1"]
[SourceVersionDate "2017.10.13"]
[SourceQuality "1"]

1. d4 d5 2. Nf3 Nf6 3. c4 c6 4. Nc3 e6 5. Qd3 Bb4 6. g3 h6 7. Bg2 Nbd7 8. 0-0 0-0 9. a3 Ba5 10. Bf4 Bc7 11. Bxc7 Qxc7 12. Rac1 Qd6 13. c5 Qc7 14. b4 e5 15. dxe5 Nxe5 16. Nxe5 Qxe5 17. e3 Bf5 18. Qd4 Qc7 19. Rfe1 Rfe8 20. Bf3 Ne4 21. Bxe4 Bxe4 22. Red1 Qd7 23. Nxe4 Rxe4 24. Qxe4 1-0

[Event "BCF-chT3S 1415 (4NCL)"]
[Site "England"]
[Date "2014.11.15"]
[Round "1.200"]
[White "Willmoth, Harrison"]
[Black "Ivanov, Elizabeth"]
[Result "1/2-1/2"]
[WhiteElo "1562"]
[BlackElo "1557"]
[PlyCount "82"]
[EventDate "2014.11.15"]
[EventType "team-swiss"]
[EventRounds "6"]
[EventCountry "ENG"]
[SourceTitle "CBM 163 Extra"]
[Source "ChessBase"]
[SourceDate "2014.12.23"]
[SourceVersion "1"]
[SourceVersionDate "2014.12.23"]
[SourceQuality "1"]
[WhiteTeam "Barnet Knights II"]
[BlackTeam "Cambridge III"]
[WhiteTeamCountry "ENG"]
[BlackTeamCountry "ENG"]

1. e4 e5 2. f4 Nc6 3. Nf3 d6 4. Nc3 Nf6 5. Bb5 Bg4 6. 0-0 a6 7. Bxc6+ bxc6 8. d3 Nh5 9. f5 Be7 10. h3 Bxf3 11. Qxf3 Nf6 12. Be3 d5 13. Bf2 d4 14. Ne2 0-0 15. Bg3 Bd6 16. Bh2 Rb8 17. b3 h6 18. Kh1 Kh8 19. Rg1 Nh7 20. Qf2 c5 21. Rab1 a5 22. a4 c6 23. Rgf1 Qc7 24. Ng1 Be7 25. Nf3 Bf6 26. h4 Qe7 27. Rg1 g5 28. hxg5 Nxg5 29. Nxg5 Bxg5 30. Qf3 f6 31. g4 Rg8 32. Rg3 Be3 33. Bg1 Bf4 34. Rg2 Rg5 35. Bf2 Rbg8 36. Bh4 R5g7 37. Rbg1 Be3 38. Bf2 Bf4 39. Bh4 Be3 40. Bf2 Bf4 41. Bh4 Be3 1/2-1/2

[Event "BCF-chT3 1314 (4NCL)"]
[Site "England"]
[Date "2014.05.04"]
[Round "10.150"]
[White "Raeburn, Andrew L"]
[Black "Ivanov, Elizabeth"]
[Result "1/2-1/2"]
[WhiteElo "1804"]
[BlackElo "1592"]
[PlyCount "58"]
[EventDate "2013.11.16"]
[EventType "team-swiss"]
[EventRounds "11"]
[EventCountry "ENG"]
[SourceTitle "EXT 2015"]
[Source "ChessBase"]
[SourceDate "2014.11.20"]
[SourceVersion "1"]
[SourceVersionDate "2014.11.20"]
[SourceQuality "1"]
[WhiteTeam "Holmes Chapel"]
[BlackTeam "Cambridge III"]
[WhiteTeamCountry "ENG"]
[BlackTeamCountry "ENG"]

1. e4 e5 2. Nf3 Nc6 3. Bb5 a6 4. Ba4 b5 5. Bb3 Nf6 6. d3 Bc5 7. 0-0 d6 8. c3 Bb6 9. Bg5 0-0 10. Nbd2 Na5 11. Bc2 Nb7 12. d4 exd4 13. cxd4 h6 14. Be3 Bg4 15. h3 Bh5 16. g4 Bg6 17. g5 hxg5 18. Bxg5 Qd7 19. Kh2 Nh5 20. Rg1 Kh7 21. Nf1 Rh8 22. Nh4 Kg8 23. Qf3 Bxd4 24. Nxg6 fxg6 25. Bb3+ Kh7 26. Bf7 Be5+ 27. Kh1 Nf4 28. Bb3 Raf8 29. Bxf4 Bxf4 1/2-1/2

[Event "BCF-chT3S 1314 (4NCL)"]
[Site "England"]
[Date "2014.02.16"]
[Round "6.230"]
[White "Booley, Graham"]
[Black "Ivanov, Elizabeth"]
[Result "1-0"]
[WhiteElo "1821"]
[BlackElo "1602"]
[PlyCount "59"]
[EventDate "2013.11.16"]
[EventType "team-swiss"]
[EventRounds "6"]
[EventCountry "ENG"]
[SourceTitle "EXT 2015"]
[Source "ChessBase"]
[SourceDate "2014.11.20"]
[SourceVersion "1"]
[SourceVersionDate "2014.11.20"]
[SourceQuality "1"]
[WhiteTeam "e2e4.org.uk IV"]
[BlackTeam "Cambridge III"]
[WhiteTeamCountry "ENG"]
[BlackTeamCountry "ENG"]

1. e4 e5 2. Nf3 Nc6 3. Bb5 Bc5 4. 0-0 Nge7 5. c3 a6 6. Ba4 b5 7. Bc2 d6 8. h3 0-0 9. a3 f5 10. d4 exd4 11. cxd4 Bb6 12. Bb3+ d5 13. exd5 Nxd5 14. Nc3 Nce7 15. Bg5 Bb7 16. Bxe7 Qxe7 17. Nxd5 Bxd5 18. Bxd5+ Kh8 19. Bxa8 Rxa8 20. Re1 Qf6 21. Qb3 h6 22. Rad1 g5 23. Ne5 Kg7 24. Nd7 Qd6 25. Nxb6 cxb6 26. Re6 Qc7 27. d5 Qc5 28. d6 Rd8 29. Re7+ Kh8 30. Qf7 1-0

[Event "Hampstead op U2200 11-B"]
[Site "Hampstead"]
[Date "2013.12.01"]
[Round "5"]
[White "Jain, Gautam"]
[Black "Ivanov, Elizabeth"]
[Result "1/2-1/2"]
[WhiteElo "1697"]
[BlackElo "1618"]
[PlyCount "82"]
[EventDate "2013.11.30"]
[EventType "swiss"]
[EventRounds "5"]
[EventCountry "ENG"]
[SourceTitle "EXT 2015"]
[Source "ChessBase"]
[SourceDate "2014.11.20"]
[SourceVersion "1"]
[SourceVersionDate "2014.11.20"]
[SourceQuality "1"]

1. e4 e5 2. Nf3 Nc6 3. Bb5 a6 4. Ba4 b5 5. Bb3 Bc5 6. Nxe5 Bxf2+ 7. Kxf2 Nxe5 8. Nc3 Nf6 9. Rf1 b4 10. Nd5 Nxe4+ 11. Kg1 0-0 12. d4 Ng6 13. Qf3 Nd6 14. Nxb4 Bb7 15. Qg4 a5 16. Bg5 Qc8 17. Nd5 a4 18. Ne7+ Nxe7 19. Bxe7 axb3 20. Bxf8 Kxf8 21. axb3 Rxa1 22. Rxa1 Be4 23. c3 Qe8 24. Re1 f5 25. Qf4 Kg8 26. c4 Qg6 27. Qg3 Qxg3 28. hxg3 c6 29. g4 g6 30. gxf5 gxf5 31. g4 Kf7 32. gxf5 Bxf5 33. Re3 h5 34. Kh2 h4 35. Re5 Kf6 36. Ra5 h3 37. d5 cxd5 38. Rxd5 Ne4 39. b4 Be6 40. Rd4 Ke5 41. Rd3 Bxc4 1/2-1/2

[Event "Hampstead op U2200 11-A"]
[Site "Hampstead"]
[Date "2013.11.24"]
[Round "5"]
[White "Ivanov, Elizabeth"]
[Black "O'Gorman, Brendan"]
[Result "0-1"]
[WhiteElo "1618"]
[BlackElo "1819"]
[PlyCount "54"]
[EventDate "2013.11.23"]
[EventType "swiss"]
[EventRounds "5"]
[EventCountry "ENG"]
[SourceTitle "EXT 2015"]
[Source "ChessBase"]
[SourceDate "2014.11.20"]
[SourceVersion "1"]
[SourceVersionDate "2014.11.20"]
[SourceQuality "1"]

1. e4 c5 2. Nf3 g6 3. d4 cxd4 4. Nxd4 Nc6 5. Be3 Nf6 6. Nc3 Bg7 7. f3 0-0 8. Qd2 d5 9. Nxc6 bxc6 10. e5 Nd7 11. e6 fxe6 12. Bh6 e5 13. Bg5 Rb8 14. 0-0-0 Nc5 15. Bh6 Qb6 16. b3 Bxh6 17. Qxh6 Qa5 18. Kb2 d4 19. Bc4+ Be6 20. Bxe6+ Nxe6 21. Ne4 c5 22. h4 c4 23. h5 c3+ 24. Ka1 Qa3 25. Rb1 Rb6 26. hxg6 Qxa2+ 27. Kxa2 Ra6# 0-1